| 000 | 01413 a2200229 4500 | ||
|---|---|---|---|
| 003 | Nust | ||
| 005 | 20221020140216.0 | ||
| 010 | _a 2001278342 | ||
| 020 | _a0072132604 | ||
| 035 | _a(OCoLC)ocm47888713 | ||
| 040 | _cNust | ||
| 082 | 0 | 0 | _a005.821,ERB |
| 100 | 1 |
_aErbschloe, Michael, _9101004 |
|
| 245 | 1 | 0 |
_aInformation warfare : _bhow to survive cyber attacks / _cMichael Erbschloe. |
| 260 |
_aNew York : _bOsborne/McGraw-Hill, _cc2001. |
||
| 300 |
_axx, 315 p. ; _c24 cm. |
||
| 505 | _aInformation Warfare A New Framework Analysis (Page-1), Measuring the Economics Impact of Information Warfare (Page-41), The Electronic Doomsday Scenario (Page-65), Preparing to Fight Against Major Threats (Page-97), Information warfare Strategies and Tactics from a Military Perspective (Page-123), Information Warfare Strategies and Tactics from a Corporate Perspective (Page-151), Strategies and Tactics from a Terrorist and Criminal Perspective (Page-173), The Arms Dealers and Industrial Mobilization in Information Warfare (Page-197), Civilian Casualties in Information Warfare (Page-229), The New Terrorist Profiles to the Dark Side (Page-237), Law Enforcement (Page-267), Final Words for Policy Makers, Military Planners, and Corporate Executives (Page-283). | ||
| 650 | 0 |
_aComputer crimes. _918532 |
|
| 650 | 0 |
_aCyberterrorism. _995673 |
|
| 650 | 0 |
_aInformation warfare. _999329 |
|
| 942 |
_2ddc _cBK _k005.821,ERB |
||
| 999 |
_c180173 _d180173 |
||